| Поле | Инд. | ПП | Название | Значение |
|---|---|---|---|---|
| Тип записи | a | |||
| Библиографический уровень | m | |||
| 001 | Контрольный номер | RU/LIBMSTU/263560796 | ||
| 005 | Дата корректировки | 20160516143835.3 | ||
| 020 | 00 | a | ISBN | 5-86185-185-9 |
| c | Цена, тираж | 165-48 | ||
| 084 | a | Индекс другой классификации/Индекс ББК | 65.03+65.9(4)+65.9(7Сое) | |
| 090 | 00 | a | Полочн. индекс | 65.03 |
| x | Авторский знак | К 84 | ||
| 100 | 10 | a | Автор | Крупорницкая И. А. |
| 245 | 00 | a | Заглавие | Экономическая история зарубежных стран (Северная Европа и Соединенные Штаты Америки) |
| b | Продолж. заглавия | учеб. пособие для вузов | ||
| c | Ответственность | Гос. ком. Рос. Федерации по рыболовству, Мурман. гос. техн. ун-т | ||
| 260 | 00 | a | Место издания | Мурманск |
| b | Издательство | Изд-во МГТУ | ||
| c | Дата издания | 2003 | ||
| 300 | 00 | a | Объем | 182 с. |
| 650 | _4 | a | Основная рубрика | Северная Европа-Экономическая история-Учебные издания для высших учебных заведений |
| 650 | 04 | a | Основная рубрика | Соединенные Штаты Америки-Экономическая история-Учебные издания для высших учебных заведений |
| 651 | _4 | a | Географическое наименование | Норвегия |
| 651 | _4 | a | Географическое наименование | Северная Европа |
| 651 | _4 | a | Географическое наименование | Финляндия |
| 651 | _4 | a | Географическое наименование | Швеция |
| 651 | _4 | a | Географическое наименование | США |
| 653 | 00 | a | Ключевые слова | Экономическая политика |
| a | Ключевые слова | Экономическое развитие | ||
| a | Ключевые слова | Экономика Северной Европы | ||
| a | Ключевые слова | Экономика США | ||
| 901 | t | Тип документа | m | |
| 952 | c | Вид литературы | учебное пособие | |
| 990 | 00 | f | Даты поступлений (DOS) | 10.03 |